Dos cercas

Guardado en:
书目详细资料
主要作者: Nuñez, Francisco María
格式: 图书
语言:Undetermined
出版: San José, Costa Rica Adecas 1971
主题:
标签: 添加标签
没有标签, 成为第一个标记此记录!

MARC

LEADER 00000nam a2200000Ia 4500
008 170316s9999 xx 000 0 und d
040 |a cru BVZT 
090 |a 868 N-3do 
100 |a Nuñez, Francisco María 
245 |a Dos cercas 
260 |a San José, Costa Rica 
260 |b Adecas 
260 |c 1971 
300 |a 117 páginas 
650 |a LITERATURA COSTARRICENSE 
999 |c 11372  |d 11372 
942 |c 15 D  |h 868 N-3do  |2 z